<?xml version="1.0" encoding="UTF-8"?><?xml-stylesheet type="text/xsl" href="static/style.xsl"?><OAI-PMH xmlns="http://www.openarchives.org/OAI/2.0/" xmlns:xsi="http://www.w3.org/2001/XMLSchema-instance" xsi:schemaLocation="http://www.openarchives.org/OAI/2.0/ http://www.openarchives.org/OAI/2.0/OAI-PMH.xsd"><responseDate>2026-04-27T08:16:56Z</responseDate><request verb="GetRecord" identifier="oai:uvadoc.uva.es:10324/5930" metadataPrefix="marc">https://uvadoc.uva.es/oai/request</request><GetRecord><record><header><identifier>oai:uvadoc.uva.es:10324/5930</identifier><datestamp>2025-02-07T13:38:56Z</datestamp><setSpec>com_10324_38</setSpec><setSpec>col_10324_852</setSpec></header><metadata><record xmlns="http://www.loc.gov/MARC21/slim" xmlns:doc="http://www.lyncode.com/xoai" xmlns:xsi="http://www.w3.org/2001/XMLSchema-instance" xmlns:dcterms="http://purl.org/dc/terms/" xsi:schemaLocation="http://www.loc.gov/MARC21/slim http://www.loc.gov/standards/marcxml/schema/MARC21slim.xsd">
<leader>00925njm 22002777a 4500</leader>
<datafield tag="042" ind1=" " ind2=" ">
<subfield code="a">dc</subfield>
</datafield>
<datafield tag="720" ind1=" " ind2=" ">
<subfield code="a">Villazán del Rey, Vanesa</subfield>
<subfield code="e">author</subfield>
</datafield>
<datafield tag="260" ind1=" " ind2=" ">
<subfield code="c">2014</subfield>
</datafield>
<datafield tag="520" ind1=" " ind2=" ">
<subfield code="a">El presente trabajo de Fin de Grado “La escuela en titirimundi” se basa en comprender una propuesta didáctica de dramatización en el tercer curso de Educación Infantil, cuyo producto final ha sido llevado a cabo en el Festival Internacional de Títeres de Titirimundi, en la ciudad de Segovia. &#xd;
Para comprender dicha realidad única, me he iniciado en la investigación educativa, a través de un planteamiento cualitativo y apoyado en el estudio de caso. &#xd;
La obtención de información se ha realizado mediante diversas técnicas; la observación participante, el diario y la entrevista. &#xd;
Finalmente, todos los datos, veraces, recopilados han sido interpretados, dando lugar a unos resultados sólidos.</subfield>
</datafield>
<datafield tag="024" ind2=" " ind1="8">
<subfield code="a">http://uvadoc.uva.es/handle/10324/5930</subfield>
</datafield>
<datafield ind1=" " ind2=" " tag="653">
<subfield code="a">Teatro - Estudio y enseñanza</subfield>
</datafield>
<datafield ind1=" " ind2=" " tag="653">
<subfield code="a">Títeres</subfield>
</datafield>
<datafield tag="245" ind1="0" ind2="0">
<subfield code="a">La escuela en Titirimundi</subfield>
</datafield>
</record></metadata></record></GetRecord></OAI-PMH>